00258 a2200109 4500001000700000040003500007100002100042240003600063245003100099362000900130440000900139153855 cEscola São Tomás de Aquino aAZEVEDO, Ricardo10aFui pro mar colher laranjalpor10aFui pro mar colher laranja0 a1996 1aFTD